Football Clubs in Italian Serie A, B and C 2018-2019 - Statistics

General Stats
  • This quiz has been taken 229 times
  • The average score is 53 of 98
Answer Stats
Answer % Correct
A Juventus
99%
C - Girone A Juventus U23
99%
A Roma
99%
A Internazionale
98%
A Lazio
98%
A Milan
98%
A Napoli
98%
A Atalanta
97%
A Bologna
95%
A Fiorentina
95%
A Genoa
95%
A Torino
95%
A Udinese
92%
A Sampdoria
90%
A Cagliari
89%
B Palermo
88%
A Parma
88%
A Sassuolo
88%
B Hellas Verona
86%
A Chievo
85%
A Empoli
84%
B Lecce
82%
B Brescia
81%
B Venezia
81%
A Frosinone
78%
A SPAL
77%
B Benevento
75%
C - Girone A Pisa
74%
B Livorno
73%
B Salernitana
73%
B Pescara
72%
C - Girone C Catania
71%
B Perugia
71%
B Ascoli
70%
B Cremonese
68%
B Crotone
68%
C - Girone B Monza
68%
B Spezia
66%
C - Girone C Reggina
65%
C - Girone B Vicenza Virtus
63%
B Carpi
61%
B Foggia
61%
C - Girone A Siena
61%
C - Girone A Piacenza
56%
C - Girone A Pro Piacenza
56%
C - Girone A Pro Vercelli
55%
C - Girone A Novara
54%
B Padova
54%
C - Girone C Catanzaro
53%
B Cosenza
53%
C - Girone B Ternana
53%
C - Girone A Alessandria
50%
C - Girone B Pordenone
49%
C - Girone B Triestina
49%
B Cittadella
48%
C - Girone C Trapani
47%
C - Girone B Rimini
46%
C - Girone B Südtirol
46%
C - Girone A Entella
45%
C - Girone C Juve Stabia
43%
C - Girone B Ravenna
43%
C - Girone B AlbinoLeffe
40%
C - Girone A Arezzo
39%
C - Girone A Olbia
39%
C - Girone C Potenza
39%
C - Girone A Pro Patria
38%
C - Girone A Carrarese
36%
C - Girone A Lucchese
36%
C - Girone C Siracusa
36%
C - Girone A Pistoiese
35%
C - Girone C Casertana
30%
C - Girone B Gubbio
30%
C - Girone B Vis Pesaro
30%
C - Girone A Cuneo
29%
C - Girone C Matera
29%
C - Girone C Rieti
29%
C - Girone B Teramo
29%
C - Girone C Monopoli
27%
C - Girone C Viterbese Castrense
25%
C - Girone B Sambenedettese
24%
C - Girone B Fermana
23%
C - Girone B Virtus Verona
23%
C - Girone B FeralpiSalò
21%
C - Girone B Giana Erminio
20%
C - Girone B Imolese
20%
C - Girone A Pontedera
20%
C - Girone C Vibonese
20%
C - Girone B Fano
19%
C - Girone B Renate
19%
C - Girone C Cavese
18%
C - Girone C Bisceglie
16%
C - Girone C Virtus Francavilla
16%
C - Girone A Arzachena
14%
C - Girone C Paganese
14%
C - Girone C Rende
14%
C - Girone C Sicula Leonzio
13%
C - Girone A Gozzano
12%
C - Girone A Albissola
11%
No matching quizzes found
Score Distribution
Percent of People with Each Score
Percentile by Number Answered
Your Score History
You have not taken this quiz